Geography Quiz

Random Geography or World Quiz
Score 0/30 Timer 06:00
2 Plays Today
% Correct
Amsterdam
92.5%
Athens
90.9%
Atlanta
80%
Amman
65.8%
Albany
63.9%
Alexandria
63.7%
Abu Dhabi
62.1%
Antwerp
60%
AsunciĆ³n
59.5%
Albuquerque
58.7%
Augusta
57.6%
Addis Ababa
54.6%
Adelaide
54.4%
Algiers
51.7%
Acapulco
51.2%
% Correct
Aberdeen
50.8%
Aleppo
48.6%
Agra
46.8%
Auckland
44.6%
Anchorage
43.4%
Apia
38.6%
Avignon
38%
Accra
37.7%
Aachen
37.3%
Ankara
35.7%
Armenia
34.6%
Antananarivo
34.3%
Abidjan
32.5%
Ahmedabad
21.3%
Arequipa
7.8%

You're not logged in!

Compare scores with friends on all Sporcle quizzes.
OR
Log In

Sporcle TV

Today on Sporcle TV


Watch our educational content, quiz creation guides, and fun videos on Sporcle TV.

Show Comments

Extras

Top Quizzes Today


Score Distribution

Paid Content

Your Account Isn't Verified!

In order to create a playlist on Sporcle, you need to verify the email address you used during registration. Go to your Sporcle Settings to finish the process.

Report this User

Report this user for behavior that violates our Community Guidelines.

Details: